| 000 | 01453nam a22003374aa4500 | ||
|---|---|---|---|
| 003 | BOFEUTO | ||
| 005 | 20260512110249.0 | ||
| 008 | 260504t6278 bo a gr 001 | spa d | ||
| 040 |
_6BOFEUTO _aBOFEUTO _cBOFEUTO |
||
| 041 | _aspa | ||
| 044 | _abo | ||
| 082 |
_aTE6278 _bAn543m |
||
| 100 | _aAndrade Aparicio, Nataly | ||
| 100 | _eautor | ||
| 245 | _aMétodo Just in Time para la empresa panificadora "La Cesta de Pan" de la ciudad de Oruro / | ||
| 245 | _cNataly Andrade Aparicio, Rosario del Castillo Rodríguez | ||
| 260 |
_aOruro : _bs/n, _c2024. |
||
| 300 |
_a108 hojas ; _bcuadros, gráf. ; _c28.5 cm. |
||
| 500 | _aIncluye bibliografía, anexos. | ||
| 502 | _aTesis Dirigida, (Licenciatura) -- Universidad Técnica de Oruro, Facultad de Ciencias Económicas, Financieras y Administrativas, Carrera Administración de Empresas, 2024. | ||
| 520 | _aEl presente trabajo de investigación tiene como objetivo principal el método JUST IN TIME para la empresa panificadora LA CESTA DE PAN en la ciudad de Oruro. Con el objeto claro se procedió a revisar información, misma que indique una ruta a seguir, para así lograr una propuesta correcta del método JUST IN TIME. | ||
| 650 | _aaDMINISTRACIÓN | ||
| 653 | _aJust In Time (Justo a tiempo) | ||
| 653 | _aProductividad | ||
| 653 | _aModelo Jit | ||
| 700 | _aDel Castillo Rodríguez, Rosario | ||
| 700 | _etutor | ||
| 942 |
_2ddc _cTE |
||
| 942 | _2ddc | ||
| 942 |
_n0 _2ddc |
||
| 999 |
_c16133 _d16133 |
||